000 00701nam a2200229 i 4500
001 bg
100 1 _aWAŚNIEWSKI, Tadeusz
245 1 0 _aAnaliza finansowa w przedsiębiorstwie /
_cTadeusz Waśniewski ; Fundacja Rozwoju Rachunkowości w Polsce.
260 _aWarszawa :
_bFRR,
_c1997.
300 _a477 s. :
_b4 wykr. ;
_c24 cm.
504 _aBibliogr. s. 473-477.
650 9 _aPrzedsiębiorstwo
_xfinanse
_xbadanie
650 9 _aRachunkowość
710 0 _aFUNDACJA ROZWOJU RACHUNKOWOŚCI w Polsce (Warszawa)
020 _a8386543876
040 _cBPK
041 0 _apl
080 _a658.14/.17:657
920 _a83-86543-87-6
942 _cKS
008 s pl f |000 0 pol
999 _c33250
_d33250
856 _uhttp://koha.tu.koszalin.pl/cgi-bin/koha/opac-detail.pl?biblionumber=33250
_yKatalog online BPK